The structure of classical diffeomorphism groups
Saved in:
| Main Author: | |
|---|---|
| Format: | Book |
| Language: | English |
| Published: |
Dordrecht ; Boston :
Kluwer Academic,
c1997
|
| Series: | Mathematics and its applications ;
; 400 |
| Subjects: | |
| Tags: |
Add Tag
No Tags, Be the first to tag this record!
|
MARC
| LEADER | 00000nam a2200000 i 4500 | ||
|---|---|---|---|
| 001 | 1/37495 | ||
| 008 | 970422s1997 eng d | ||
| 020 | |a 0-7923-4475-8 | ||
| 035 | |l 10040525 | ||
| 040 | |a GR-MY-UA |b |e aacr | ||
| 041 | 0 | |a eng | |
| 082 | 0 | |a 514.72 | |
| 100 | 1 | |a Banyaga, Augustin. | |
| 245 | 1 | 4 | |a The structure of classical diffeomorphism groups / |c by Augustin Banyaga |
| 260 | |a Dordrecht ; Boston : |b Kluwer Academic, |c c1997 | ||
| 300 | |a xi, 197 p.; |b ill.; |c 25 cm. | ||
| 490 | 1 | |a Mathematics and its Applications |v ; 400 | |
| 500 | |a Includes bibliography and index | ||
| 650 | 0 | 0 | |a Diffeomorphisms. |
| 830 | 0 | |a Mathematics and its applications ; |v ; 400 | |
| 852 | |a INST |b SAMOS |e 19970422 |h 514.72 BAN |p 005300012168 |q 005300012168 |t BK |y 0 | ||
| 901 | |a BIBL-1998-2 | ||
| 909 | |a Σ |b 058811 | ||
| 922 | |a 3ΕΛΗ |b 199808 |c ΔΗΜΑΚΗΣ |d ΚΩΣΤΑΡΑΚΗΣ | ||